00506nam a2200193 a 4500001001300000003000900013005001700022008004100039020001300080082001300093100002300106245005300129260003000182300000900212500003500221505001000256650002300266700002300289nice12345678IN_TiNIC20260116012747.0050524s1971 lona grp 000 0 eng  ac117.2500a230bEVA aEvans, Christopher aIs Holy Scripture Christian? and Other Question. aLondonbS C M Pressc1971 a112p aincludes index and biblioraphy2 aIndex aChristian-Theology1 aEvans, Christopher